000 00752nam a2200181Ia 4500
008 100920s9999 xx 000 0 und d
082 _b74019
_a28 व 200 थ 98
100 _aभगत रा.तु.
245 _aसंत गाडगे महाराजांची अमृतवाणी.
260 _bसिध्दराज प्रकाशन, पुणे.
_c1998
300 _a48
_bसाधी
365 _b25
520 _aबा.वि.धार्मिक.
630 _aसंत गाडगे महाराजांची अमृतवाणी.
650 _aबा.वि.धार्मिक.
730 _aसंत गाडगे महाराजांची अमृतवाणी.
942 _cBOOK
999 _c715647
_d715644